Distinguiendo. Estudios de teoría y metateoría del derecho.
Guardat en:
| Autor principal: | |
|---|---|
| Format: | Llibre |
| Idioma: | espanyol |
| Publicat: |
Barcelona, España:
Gedisa,
1999.
|
| Col·lecció: | Cladema. Filosofía del Derecho
|
| Matèries: | |
| Etiquetes: |
Afegir etiqueta
Sense etiquetes, Sigues el primer a etiquetar aquest registre!
|
MARC
| LEADER | 00000nam a2200000 a 4500 | ||
|---|---|---|---|
| 001 | UCO0622 | ||
| 003 | CL-VaPUC | ||
| 005 | 20220822114343.0 | ||
| 008 | 000420e19990000SP |||||||||||||||||spa|d | ||
| 999 | |c 287271 |d 287269 | ||
| 020 | |a 978-84-7432-700-7 | ||
| 040 | |c Pontificia Universidad Católica de Valparaíso | ||
| 082 | 0 | 4 | |a 340.1 GUA 1999 |2 21 |
| 100 | |a Guastini, Riccardo |e autor |9 441969 | ||
| 245 | 1 | 0 | |a Distinguiendo. |b Estudios de teoría y metateoría del derecho. |
| 260 | |a Barcelona, España: |b Gedisa, |c 1999. | ||
| 300 | |a 414 páginas. | ||
| 490 | 0 | |a Cladema. Filosofía del Derecho | |
| 500 | |a c.2 Donación Familia Prof. Alejandro Guzmán Brito. | ||
| 583 | |a last modification |c 20000420 00:00:00 |k Rodrigo Vera | ||
| 600 | 0 | |a Tarello, Giovanni |2 CL-VaPUC |9 441970 | |
| 650 | 0 | |a Aplicación del derecho |2 CL-VaPUC |9 381025 | |
| 650 | 0 | |a Fuentes del derecho |9 255162 | |
| 650 | 0 | |a Interpretación del derecho |2 CL-VaPUC |9 255662 | |
| 650 | 0 | |a Teoría del derecho |9 255982 | |
| 942 | |c BK |2 ddc |n 0 | ||
| 945 | |d 20000420 00:00:00 |a vberengu | ||
| 952 | |0 0 |1 0 |4 0 |6 340_100000000000000_GUA_1999 |7 0 |8 DER_TF |9 333997 |a BIBDER |b BIBDER |d 2019-11-20 |i 3612988 |l 1 |o 340.1 GUA 1999 |p 3612988 |r 2023-08-24 |s 2023-07-26 |w 2019-11-20 |x Ubicación 4to Piso |y BK |z Estos recursos deben solicitarse con anticipación |k DER | ||